Cestná daň platná od 1. januára 2003
Pohľad na platný zákon o cestnej dani - daňovník cestnej dane, predmet cestnej dane, základ dane, zdaňovacie obdobie, sadzba dane a jej výpočet, daňová povinnosť - jej vznik a zánik, daňové priznanie a oznamovacia povinnosť, vyrubenie a platenie cestnej dane, kontrola. Pokračovanie v ďalšom čísle HN...
Gespeichert in:
| 1. Verfasser: | |
|---|---|
| Format: | Buchkapitel |
| Sprache: | Slowakisch |
| Schlagworte: | |
| Tags: |
Keine Tags, Fügen Sie das erste Tag hinzu!
|
MARC
| LEADER | 00000naa a2200000 4500 | ||
|---|---|---|---|
| 001 | r047728 | ||
| 005 | 20230925123146.6 | ||
| 041 | 0 | |a slo | |
| 044 | |a SK | ||
| 245 | 1 | 0 | |a Cestná daň platná od 1. januára 2003 |c Alena Pauličková |
| 520 | |a Pohľad na platný zákon o cestnej dani - daňovník cestnej dane, predmet cestnej dane, základ dane, zdaňovacie obdobie, sadzba dane a jej výpočet, daňová povinnosť - jej vznik a zánik, daňové priznanie a oznamovacia povinnosť, vyrubenie a platenie cestnej dane, kontrola. Pokračovanie v ďalšom čísle HN. | ||
| 610 | 2 | 0 | |a dane cestné |
| 610 | 2 | 0 | |a úpravy právne |
| 610 | 2 | 0 | |a daňovníci |
| 610 | 2 | 0 | |a sadzby daňové |
| 610 | 2 | 0 | |a povinnosť daňová |
| 610 | 2 | 0 | |a osoby fyzické |
| 610 | 2 | 0 | |a osoby právnické |
| 100 | 1 | |a Pauličková, Alena | |